[Event "Sachsen-Anhalt-ch op"]
[Site "Magdeburg"]
[Date "2022.10.29"]
[Round "2"]
[White "Wirp, Hans Werner"]
[Black "Holtmeier, Volker"]
[Result "0-1"]
[WhiteElo "1694"]
[BlackElo "1821"]
[PlyCount "82"]
[EventDate "2022.10.29"]
[EventType "swiss"]
[EventRounds "7"]
[EventCountry "GER"]
[SourceTitle "CBM 211 Extra"]
[Source "ChessBase"]
[SourceDate "2023.01.31"]
[SourceVersion "1"]
[SourceVersionDate "2023.01.31"]
[SourceQuality "1"]

1. d4 c6 2. e4 d5 3. Nc3 dxe4 4. f3 e5 5. d5 exf3 6. Nxf3 f6 7. Be3 Bg4 8. Be2 Bb4 9. h3 Bh5 10. dxc6 Nxc6 11. 0-0 Bxc3 12. bxc3 Qa5 13. Qd6 Rd8 14. Qe6+ Nge7 15. Bc4 Rf8 16. Ng5 h6 17. Ne4 f5 18. Nd6+ Rxd6 19. Qxd6 Qxc3 20. Qd3 Qxd3 21. cxd3 f4 22. Bc5 Bf7 23. Bb5 a6 24. Bxc6+ bxc6 25. Rfb1 Bd5 26. Rb8+ Kf7 27. Rxf8+ Kxf8 28. Re1 Kf7 29. Rxe5 Ng6 30. Re2 Nh4 31. Re7+ Kg6 32. Bd4 Nf5 33. Ra7 Nxd4 34. Rxa6 Ne6 35. Kf2 Kf6 36. Ra4 Ke5 37. Ra7 Kd4 38. a4 Kxd3 39. a5 Kc4 40. a6 Kb5 41. Rxg7 Nxg7 0-1

[Event "Sachsen-Anhalt-ch op"]
[Site "Magdeburg"]
[Date "2021.10.30"]
[Round "5"]
[White "Wirp, Hans Werner"]
[Black "Schumacher, Maik"]
[Result "1/2-1/2"]
[WhiteElo "1687"]
[BlackElo "1839"]
[PlyCount "69"]
[EventDate "2021.10.28"]
[EventType "swiss"]
[EventRounds "7"]
[EventCountry "GER"]
[SourceTitle "CBM 205 Extra"]
[Source "ChessBase"]
[SourceDate "2022.01.31"]
[SourceVersion "1"]
[SourceVersionDate "2022.01.31"]
[SourceQuality "1"]

1. d4 c6 2. e4 d5 3. Nc3 dxe4 4. f3 exf3 5. Nxf3 Nf6 6. Bc4 Bf5 7. 0-0 e6 8. Ne5 Bg6 9. Ne2 Nbd7 10. Bf4 Nxe5 11. Bxe5 Nd7 12. Bg3 Be7 13. c3 0-0 14. Qe1 Nb6 15. Bb3 Nd5 16. Nf4 Nxf4 17. Bxf4 Bd6 18. Be3 Qc7 19. Qh4 b5 20. g4 c5 21. Qf2 Rac8 22. h4 Bd3 23. dxc5 Bg3 24. Qf3 Bxf1 25. Rxf1 Bxh4 26. Kg2 Qc6 27. g5 f6 28. Bf4 fxg5 29. Qxc6 Rxc6 30. Bd6 Re8 31. Bxe6+ Kh8 32. Bd7 Rxd6 33. Bxe8 Rd2+ 34. Kh3 Rd3+ 35. Kg2 1/2-1/2

[Event "Sachsen-Anhalt-ch op"]
[Site "Magdeburg"]
[Date "2021.10.29"]
[Round "3"]
[White "Wirp, Hans Werner"]
[Black "Conrad, Marius"]
[Result "1-0"]
[WhiteElo "1687"]
[BlackElo "1479"]
[PlyCount "73"]
[EventDate "2021.10.28"]
[EventType "swiss"]
[EventRounds "7"]
[EventCountry "GER"]
[SourceTitle "CBM 205 Extra"]
[Source "ChessBase"]
[SourceDate "2022.01.31"]
[SourceVersion "1"]
[SourceVersionDate "2022.01.31"]
[SourceQuality "1"]

1. d4 d5 2. e4 dxe4 3. Nc3 Nf6 4. f3 Bf5 5. g4 Bg6 6. g5 Nd5 7. Nxe4 e6 8. Ne2 Nd7 9. N2g3 N7b6 10. a3 Bd6 11. Nxd6+ cxd6 12. Bb5+ Nd7 13. c4 Qa5+ 14. Bd2 Qb6 15. Bxd7+ Kxd7 16. cxd5 Qxb2 17. dxe6+ fxe6 18. Qc1 Qxd4 19. Be3 Qd5 20. 0-0 Rhf8 21. Qd1 Qe5 22. Qb3 b6 23. f4 Qa5 24. Rae1 Qa6 25. Bd4 Bf7 26. Bxg7 Rfe8 27. Ne4 Re7 28. Qb4 Qd3 29. Nxd6 Bh5 30. Be5 h6 31. Rf2 Qh3 32. Qb5+ Kd8 33. Qc6 Rb8 34. Bf6 Qg4+ 35. Rg2 Qh4 36. Nf7+ Bxf7 37. Rd1# 1-0

[Event "Sachsen-Anhalt-ch op"]
[Site "Magdeburg"]
[Date "2021.10.28"]
[Round "2"]
[White "Heyne, Jan Hendrik"]
[Black "Wirp, Hans Werner"]
[Result "1-0"]
[WhiteElo "1847"]
[BlackElo "1687"]
[PlyCount "115"]
[EventDate "2021.10.28"]
[EventType "swiss"]
[EventRounds "7"]
[EventCountry "GER"]
[SourceTitle "CBM 205 Extra"]
[Source "ChessBase"]
[SourceDate "2022.01.31"]
[SourceVersion "1"]
[SourceVersionDate "2022.01.31"]
[SourceQuality "1"]

1. d4 c5 2. c3 g6 3. Bf4 Bg7 4. e3 Qb6 5. Qc2 cxd4 6. exd4 d5 7. Bd3 Nc6 8. Nf3 Bd7 9. Qe2 Nf6 10. Na3 0-0 11. Rb1 Bg4 12. Nc2 Nd7 13. Ne3 Bxf3 14. Qxf3 e6 15. 0-0 Nf6 16. Bg5 Ne8 17. Qh3 f5 18. Rfe1 Nf6 19. Bxf6 Rxf6 20. Qf3 Raf8 21. Re2 Qd8 22. Rbe1 Kh8 23. Nf1 Qd6 24. Nd2 Re8 25. Qg3 f4 26. Qh3 e5 27. dxe5 Rxe5 28. Nf3 Rh5 29. Qc8+ Rf8 30. Qxb7 Ne5 31. Nxe5 Bxe5 32. f3 Qf6 33. h3 Bd4+ 34. Kh1 Be3 35. Qd7 Rd8 36. Qa4 Qg5 37. Rxe3 fxe3 38. Qxa7 Re8 39. Qd4+ Kg8 40. Bc2 Rh4 41. Qd3 Re5 42. Bb3 Kg7 43. Re2 Qg3 44. Bxd5 Reh5 45. Be6 Rxh3+ 46. Bxh3 Rxh3+ 47. gxh3 Qxh3+ 48. Rh2 Qxf3+ 49. Rg2 g5 50. Qd7+ Kg6 51. Qd6+ Kg7 52. Qe7+ Kg6 53. Qxg5+ Kf7 54. Qg7+ Ke6 55. Qg4+ Qxg4 56. Rxg4 Kf5 57. Rg1 Kf4 58. a4 1-0

[Event "Sachsen-Anhalt 30 Years op"]
[Site "Magdeburg"]
[Date "2020.10.24"]
[Round "5.8"]
[White "Hoffmann, Simon"]
[Black "Wirp, Hans Werner"]
[Result "1-0"]
[WhiteElo "1781"]
[BlackElo "1716"]
[PlyCount "61"]
[EventDate "2020.10.22"]
[EventType "swiss"]
[EventRounds "7"]
[EventCountry "GER"]
[SourceTitle "EXT 2022"]
[Source "ChessBase"]
[SourceDate "2021.10.06"]
[SourceVersion "1"]
[SourceVersionDate "2021.10.06"]
[SourceQuality "1"]

1. e4 e5 2. Nf3 Nc6 3. Bc4 Nf6 4. d3 Be7 5. c3 d6 6. Nbd2 0-0 7. 0-0 Bg4 8. h3 Bh5 9. Re1 Bg6 10. Nf1 Nh5 11. a3 a5 12. Bd2 Kh8 13. g4 Nf4 14. Qc1 Nxh3+ 15. Kg2 Nxf2 16. Kxf2 Bh4+ 17. Ng3 f5 18. gxf5 Bxf5 19. exf5 Rxf5 20. Bd5 Qf6 21. Be4 Rxf3+ 22. Bxf3 e4 23. Rxe4 Ne5 24. Rxe5 dxe5 25. Qe1 Qb6+ 26. Qe3 Qg6 27. Qxe5 Re8 28. Qf4 Qxd3 29. Re1 Bxg3+ 30. Kxg3 Rd8 31. Qf7 1-0

[Event "Sachsen-Anhalt 30 Years op"]
[Site "Magdeburg"]
[Date "2020.10.24"]
[Round "6.9"]
[White "Wirp, Hans Werner"]
[Black "Tews, Steffen"]
[Result "0-1"]
[WhiteElo "1716"]
[BlackElo "1755"]
[PlyCount "127"]
[EventDate "2020.10.22"]
[EventType "swiss"]
[EventRounds "7"]
[EventCountry "GER"]
[SourceTitle "EXT 2022"]
[Source "ChessBase"]
[SourceDate "2021.10.06"]
[SourceVersion "1"]
[SourceVersionDate "2021.10.06"]
[SourceQuality "1"]

1. d4 g6 2. e4 Bg7 3. h4 h5 4. g4 Nf6 5. gxh5 Nxh5 6. Bc4 d6 7. Qf3 e6 8. Nh3 Qf6 9. Ng5 Nc6 10. c3 Bd7 11. Nd2 a6 12. d5 Qxf3 13. Ndxf3 exd5 14. Bxd5 Nd8 15. Be3 Bc6 16. 0-0-0 Bxd5 17. Rxd5 f6 18. Nh3 Ne6 19. Rg1 Kf7 20. Nh2 Bh6 21. Ng4 Bxe3+ 22. fxe3 Nhg7 23. Rf1 Rxh4 24. Rxf6+ Ke7 25. Nhf2 c6 26. Rd1 g5 27. Rf3 Rf8 28. Rg3 Nh5 29. Rg2 Nf6 30. e5 dxe5 31. Nxe5 Rg8 32. Nf3 Ra4 33. a3 Nd5 34. Rg4 Rxg4 35. Nxg4 Nc5 36. c4 Nf6 37. Nh6 Rg6 38. Nf5+ Ke6 39. N3d4+ Ke5 40. b4 Nb3+ 41. Nxb3 Kxf5 42. Nc5 Rg7 43. Rf1+ Kg6 44. Kd2 Re7 45. Kd3 g4 46. a4 Nd7 47. Nb3 Ne5+ 48. Kd4 Nf3+ 49. Kd3 Kg5 50. Nc5 Kh4 51. Ne4 Kh3 52. c5 Rxe4 53. Rh1+ Kg2 54. Rb1 Re7 55. b5 axb5 56. axb5 Re5 57. bxc6 bxc6 58. Rb4 g3 59. Rc4 Kh3 60. Rf4 Ng5 61. Kd4 Rd5+ 62. Kc4 g2 63. e4 Rxc5+ 64. Kd4 0-1

[Event "Berlin Lichtenberger op 8th"]
[Site "Berlin"]
[Date "2009.08.21"]
[Round "7"]
[White "Wirp, Hans Werner"]
[Black "Kapr, Klaus"]
[Result "0-1"]
[WhiteElo "1818"]
[BlackElo "2044"]
[PlyCount "74"]
[EventDate "2009.08.15"]
[EventType "swiss"]
[EventRounds "9"]
[EventCountry "GER"]
[SourceTitle "CBM 131 Extra"]
[Source "ChessBase"]
[SourceDate "2009.09.03"]
[SourceVersion "2"]
[SourceVersionDate "2009.09.16"]
[SourceQuality "1"]

1. d4 d5 2. Nc3 Nf6 3. e4 dxe4 4. f3 Bf5 5. g4 Bg6 6. g5 Nd5 7. Nxe4 e6 8. c3 Be7 9. h4 h6 10. Bg2 Nc6 11. Ne2 e5 12. dxe5 Nxe5 13. Nd4 hxg5 14. Nxg5 Nd3+ 15. Kf1 Qd6 16. Qd2 0-0-0 17. h5 Bxg5 18. Qxg5 Nxc1 19. hxg6 Rxh1+ 20. Bxh1 Qa6+ 21. Kg1 Nd3 22. gxf7 Nf6 23. Qxg7 Qd6 24. Rd1 Ne5 25. Rd2 Nfd7 26. Bg2 Rf8 27. Bh3 Rxf7 28. Bxd7+ Rxd7 29. Qh8+ Rd8 30. Qh3+ Nd7 31. Kf2 a6 32. Qg3 Qf6 33. Re2 Nc5 34. Qg4+ Kb8 35. Qf5 Qh4+ 36. Kf1 Rg8 37. Qxc5 Qh1+ 0-1

[Event "Berlin Lichtenberger op 8th"]
[Site "Berlin"]
[Date "2009.08.19"]
[Round "5"]
[White "Wirp, Hans Werner"]
[Black "Winz, Michael"]
[Result "1-0"]
[WhiteElo "1818"]
[BlackElo "1691"]
[PlyCount "79"]
[EventDate "2009.08.15"]
[EventType "swiss"]
[EventRounds "9"]
[EventCountry "GER"]
[SourceTitle "CBM 131 Extra"]
[Source "ChessBase"]
[SourceDate "2009.09.03"]
[SourceVersion "2"]
[SourceVersionDate "2009.09.16"]
[SourceQuality "1"]

1. d4 Nf6 2. Nc3 d5 3. e4 e6 4. Bg5 Be7 5. e5 Ne4 6. Nxe4 dxe4 7. h4 b6 8. Qd2 Bb7 9. f3 f6 10. exf6 Bxf6 11. 0-0-0 0-0 12. fxe4 Bxe4 13. Nf3 Qd5 14. b3 Nc6 15. Bxf6 Rxf6 16. Ng5 Bf5 17. Bc4 Qd6 18. c3 b5 19. Be2 b4 20. g4 bxc3 21. Qxc3 Nb4 22. Kb2 Bg6 23. h5 Rf2 24. Qe3 Qa6 25. Qxf2 Qxa2+ 26. Kc3 Qc2+ 27. Kxb4 Rb8+ 28. Bb5 Qxf2 29. hxg6 h6 30. Ka4 Qa2+ 31. Kb4 a6 32. Kc3 Rxb5 33. Rb1 Qa5+ 34. b4 Qb6 35. Ne4 e5 36. Rhd1 a5 37. bxa5 Rxb1 38. axb6 Rxd1 39. bxc7 exd4+ 40. Kc2 1-0

[Event "Berlin Lichtenberger op 7th"]
[Site "Berlin"]
[Date "2008.08.22"]
[Round "7"]
[White "Penner, Markus"]
[Black "Wirp, Hans Werner"]
[Result "1-0"]
[WhiteElo "1423"]
[BlackElo "1709"]
[PlyCount "77"]
[EventDate "2008.08.16"]
[EventType "swiss"]
[EventRounds "9"]
[EventCountry "GER"]
[SourceTitle "CBM 126 Extra"]
[Source "ChessBase"]
[SourceDate "2008.11.05"]
[SourceVersion "1"]
[SourceVersionDate "2008.11.05"]
[SourceQuality "1"]

1. e4 e5 2. Nf3 Nc6 3. Bc4 Nf6 4. d3 Bc5 5. 0-0 h6 6. c3 d6 7. h3 Bd7 8. Be3 g5 9. Bxc5 dxc5 10. Qb3 Rf8 11. Qxb7 g4 12. hxg4 Nxg4 13. Bd5 Rb8 14. Qa6 Rb6 15. Qa3 a5 16. Qxc5 Rb5 17. Qxb5 Nd4 18. Qxd7+ Kxd7 19. cxd4 exd4 20. Nbd2 f5 21. Nc4 fxe4 22. Nce5+ Nxe5 23. Nxe5+ Kc8 24. dxe4 Qg5 25. Rac1 Qxe5 26. Rc5 Qf4 27. Rxa5 Kd7 28. Ra4 Qd2 29. b3 Qb2 30. f3 Rf6 31. Rd1 c5 32. Ra7+ Ke8 33. e5 Rf5 34. Bc6+ Kf8 35. Re1 d3 36. e6 Re5 37. Rxe5 Qa1+ 38. Kf2 Qb2+ 39. Kf1 1-0

[Event "Berlin Lichtenberger op 7th"]
[Site "Berlin"]
[Date "2008.08.17"]
[Round "2"]
[White "Bauer, Stefan"]
[Black "Wirp, Hans Werner"]
[Result "0-1"]
[WhiteElo "1816"]
[BlackElo "1709"]
[PlyCount "98"]
[EventDate "2008.08.16"]
[EventType "swiss"]
[EventRounds "9"]
[EventCountry "GER"]
[SourceTitle "CBM 126 Extra"]
[Source "ChessBase"]
[SourceDate "2008.11.05"]
[SourceVersion "1"]
[SourceVersionDate "2008.11.05"]
[SourceQuality "1"]

1. Nf3 Nc6 2. c4 e5 3. Nc3 Nf6 4. d3 h6 5. g3 Bc5 6. Bg2 d6 7. h3 Nh5 8. e3 Nf6 9. a3 a5 10. 0-0 0-0 11. Rb1 Bf5 12. e4 Bd7 13. Bd2 Qc8 14. Kh2 Nh7 15. Qc1 Nd4 16. Nxd4 Bxd4 17. Nd5 Qd8 18. b4 c6 19. Ne3 axb4 20. axb4 Ra2 21. Nc2 Bb6 22. f4 exf4 23. Bxf4 Qf6 24. Be3 Bxe3 25. Nxe3 Qd4 26. Rb3 Re2 27. Nc2 Qe5 28. d4 Qxe4 29. Ne1 Qxd4 30. Rd3 Qe4 31. Rxd6 Be6 32. Nf3 Qxc4 33. Qd1 Qc2 34. Qxc2 Rxc2 35. Kh1 Bd5 36. h4 Nf6 37. Ne1 Bxg2+ 38. Nxg2 Ne4 39. Rd7 Nxg3+ 40. Kg1 Nxf1 41. Kxf1 Ra8 42. Rxb7 Kf8 43. Rc7 Ra1+ 44. Ne1 Rcc1 45. b5 Rxe1+ 46. Kf2 cxb5 47. Rb7 Reb1 48. Ke3 Ra4 49. h5 Rb3+ 0-1